TOP 10 des youtubeurs français les moins aimés - Statistiques

Statistiques générales
  • Ce quiz a été pris 408 fois
  • Le résultat moyen est 2 sur 10
Statistiques - réponses
TOP Youtubeurs % Correct
1 Norman
77%
4 Tibo InShape
64%
6 Michou
57%
7 Natoo
17%
3 Swan & Neo
9%
8 EnjoyPhoenix
4%
2 GameMixTreize
4%
10 McFly & Carlito
4%
5 Pierre Croce
4%
9 Sulivan Gwed
1%
Aucun quiz correspondant
Distribution des résultats
% des personnes avec chaque résultat
Percentile par nombre de réponses
Votre historique - résultats
Vous n’avez pas pris ce quiz